[Event "Novokuznetsk Kustov op"]
[Site "Novokuznetsk"]
[Date "2014.10.18"]
[Round "6"]
[White "Gumbarg, Vladislav"]
[Black "Pomazanov, Alexey"]
[Result "1-0"]
[WhiteElo "1821"]
[BlackElo "1848"]
[PlyCount "35"]
[EventDate "2014.09.28"]
[EventType "swiss"]
[EventRounds "9"]
[EventCountry "RUS"]
[SourceTitle "EXT 2018"]
[Source "ChessBase"]
[SourceDate "2017.10.13"]
[SourceVersion "1"]
[SourceVersionDate "2017.10.13"]
[SourceQuality "1"]

1. e4 c5 2. Nf3 Nc6 3. d4 cxd4 4. Nxd4 Nf6 5. Nc3 d6 6. Bg5 e6 7. Qd2 Be7 8. 0-0-0 0-0 9. f4 Nxd4 10. Qxd4 Qa5 11. Bc4 Bd7 12. e5 dxe5 13. fxe5 Bc6 14. h4 Rad8 15. Qf4 Nd5 16. Nxd5 Bxg5 17. hxg5 Bxd5 18. Qh4 1-0

[Event "Novokuznetsk Kustov op"]
[Site "Novokuznetsk"]
[Date "2014.09.28"]
[Round "1"]
[White "Pomazanov, Alexey"]
[Black "Storchak, Vitalij"]
[Result "0-1"]
[WhiteElo "1848"]
[BlackElo "2069"]
[PlyCount "86"]
[EventDate "2014.09.28"]
[EventType "swiss"]
[EventRounds "9"]
[EventCountry "RUS"]
[SourceTitle "EXT 2018"]
[Source "ChessBase"]
[SourceDate "2017.10.13"]
[SourceVersion "1"]
[SourceVersionDate "2017.10.13"]
[SourceQuality "1"]

1. e4 d6 2. d4 a6 3. Be3 Nd7 4. Nc3 e6 5. Qd2 b6 6. 0-0-0 Bb7 7. f3 c5 8. Nh3 Ngf6 9. g4 h6 10. g5 hxg5 11. Nxg5 Qc7 12. Bg2 Be7 13. h4 g6 14. Qf2 b5 15. Bh3 Nf8 16. Ne2 N6h7 17. d5 exd5 18. exd5 Bc8 19. Bg4 f5 20. Bh3 Nxg5 21. Bxg5 Bxg5+ 22. hxg5 Kf7 23. Nd4 cxd4 24. Qxd4 Rh7 25. Bg2 Qe7 26. f4 Rxh1 27. Rxh1 Bb7 28. b3 Re8 29. Kb2 Rc8 30. Rh8 Ke8 31. Rh3 Kd7 32. Re3 Qf7 33. c4 Re8 34. Re6 Kc7 35. c5 Nxe6 36. dxe6 Qxe6 37. cxd6+ Qxd6 38. Qxd6+ Kxd6 39. Bxb7 a5 40. Kc3 Kc5 41. a3 Re3+ 42. Kc2 b4 43. a4 Kd4 0-1

[Event "Novokuznetsk-ch"]
[Site "Novokuznetsk"]
[Date "2012.11.24"]
[Round "2"]
[White "Spirin, Alexandr"]
[Black "Pomazanov, Alexey"]
[Result "1-0"]
[WhiteElo "1959"]
[BlackElo "1897"]
[PlyCount "77"]
[EventDate "2012.11.18"]
[EventType "swiss"]
[EventRounds "9"]
[EventCountry "RUS"]
[SourceTitle "EXT 2014"]
[Source "ChessBase"]
[SourceDate "2013.11.20"]
[SourceVersion "1"]
[SourceVersionDate "2013.11.20"]
[SourceQuality "1"]

1. Nf3 c5 2. b3 d6 3. Bb2 Nc6 4. g3 e6 5. Bg2 Nf6 6. 0-0 Be7 7. c4 Qc7 8. d4 cxd4 9. Nxd4 Bd7 10. Nb5 Qb8 11. N1c3 a6 12. Nd4 h5 13. Ne4 h4 14. Qd2 hxg3 15. fxg3 Ng4 16. h3 Nge5 17. Ng5 Qa7 18. Rad1 f6 19. Ne4 0-0-0 20. e3 f5 21. Nf2 g5 22. Nd3 Nxd3 23. Nxc6 Bxc6 24. Bxh8 Rxh8 25. Qxd3 f4 26. gxf4 gxf4 27. Rxf4 Bg5 28. Rd4 Rg8 29. Rg4 Bxe3+ 30. Kh1 Rh8 31. Kh2 Bc5 32. Rf1 Qb8 33. Bxc6 d5+ 34. Kg2 bxc6 35. cxd5 Qe5 36. Rc1 Bd6 37. Rxc6+ Kd7 38. Rxd6+ Qxd6 39. dxe6+ 1-0

[Event "Novokuznetsk Spring op"]
[Site "Novokuznetsk"]
[Date "2012.??.??"]
[Round "6"]
[White "Pomazanov, Alexey"]
[Black "Morokov, Anatoliy"]
[Result "1-0"]
[WhiteElo "1914"]
[BlackElo "1734"]
[PlyCount "49"]
[EventDate "2012.04.04"]
[EventType "swiss"]
[EventRounds "9"]
[EventCountry "RUS"]
[SourceTitle "CBM 148 Extra"]
[Source "ChessBase"]
[SourceDate "2012.06.22"]
[SourceVersion "1"]
[SourceVersionDate "2012.06.22"]
[SourceQuality "1"]

1. e4 g6 2. d4 Nf6 3. Bd3 Bg7 4. Be3 d5 5. e5 Ng4 6. Bg5 f6 7. exf6 exf6 8. Bf4 0-0 9. h3 Qe7+ 10. Ne2 Nh6 11. Qd2 Nc6 12. Bxh6 Bxh6 13. Qxh6 Nxd4 14. Qe3 Qb4+ 15. Qd2 Qe7 16. Qe3 Qb4+ 17. Nd2 Nf5 18. Qf4 Qxb2 19. 0-0 g5 20. Qf3 Qe5 21. Rae1 Nh4 22. Qh5 Rf7 23. Ng3 Qf4 24. Re8+ Kg7 25. Qxh7# 1-0

[Event "Novokuznetsk Spring op"]
[Site "Novokuznetsk"]
[Date "2012.??.??"]
[Round "3"]
[White "Shilintsev, Vladimir"]
[Black "Pomazanov, Alexey"]
[Result "0-1"]
[WhiteElo "1865"]
[BlackElo "1914"]
[PlyCount "148"]
[EventDate "2012.04.04"]
[EventType "swiss"]
[EventRounds "9"]
[EventCountry "RUS"]
[SourceTitle "CBM 148 Extra"]
[Source "ChessBase"]
[SourceDate "2012.06.22"]
[SourceVersion "1"]
[SourceVersionDate "2012.06.22"]
[SourceQuality "1"]

1. c4 c5 2. Nc3 Nf6 3. Nf3 e6 4. d4 cxd4 5. Nxd4 a6 6. g3 Qc7 7. e3 b6 8. Bg2 Bb7 9. Bxb7 Qxb7 10. 0-0 Be7 11. Qd3 0-0 12. b3 d6 13. Ba3 Nbd7 14. Nde2 Ne5 15. Qd1 Nf3+ 16. Kh1 Ng5+ 17. e4 Nfxe4 18. f3 Nxf3 19. Nf4 Nxc3 20. Qxf3 Qxf3+ 21. Rxf3 Ne4 22. Re1 Nc5 23. b4 Nb7 24. Nd5 Bd8 25. Ne3 a5 26. b5 Rc8 27. Rd1 Bc7 28. Kg2 Rfd8 29. Rdf1 Rd7 30. Rd1 Bd8 31. Bb2 Nc5 32. h4 Ne4 33. Rf4 Nf6 34. Rfd4 Be7 35. Ba3 Rcd8 36. Bb2 d5 37. R4d3 dxc4 38. Rxd7 Nxd7 39. Nxc4 Nc5 40. Rxd8+ Bxd8 41. Bd4 Nd7 42. Kf3 f6 43. Ke4 Kf7 44. Nd6+ Ke7 45. Nc8+ Kf7 46. Nd6+ Kf8 47. Nc4 Ke7 48. Be3 Bc7 49. Bf2 f5+ 50. Kd3 e5 51. Ne3 Ke6 52. Kc4 Bd6 53. Nd5 e4 54. Nxb6 Nxb6+ 55. Bxb6 Bxg3 56. Bxa5 Kd6 57. Bb4+ Kc7 58. h5 Bf2 59. Bc3 g5 60. hxg6 hxg6 61. Be5+ Kb6 62. Bf4 e3 63. Bg5 e2 64. Bd8+ Kb7 65. Ba5 e1Q 66. Bxe1 Bxe1 67. a4 f4 68. Kd3 g5 69. Ke2 Bc3 70. Kf3 Kb6 71. Ke2 Bd4 72. Kd3 Bg1 73. Ke2 Ka5 74. Kf1 Bc5 0-1

[Event "Novokuznetsk-ch op"]
[Site "Novokuznetsk"]
[Date "2010.12.11"]
[Round "8"]
[White "Pomazanov, Alexey"]
[Black "Prilepina, Tatyana"]
[Result "1-0"]
[WhiteElo "1922"]
[BlackElo "1772"]
[PlyCount "43"]
[EventDate "2010.11.14"]
[EventType "swiss"]
[EventRounds "9"]
[EventCountry "RUS"]
[SourceTitle "EXT 2022"]
[Source "ChessBase"]
[SourceDate "2021.10.06"]
[SourceVersion "1"]
[SourceVersionDate "2021.10.06"]
[SourceQuality "1"]

1. e4 e5 2. f4 Bc5 3. Qf3 d6 4. Bc4 Qe7 5. c3 Nf6 6. f5 Nc6 7. b4 Bb6 8. Ne2 0-0 9. g4 h6 10. h4 Nh7 11. d3 Rd8 12. g5 Qf8 13. g6 Nf6 14. gxf7+ Kh8 15. Bg5 Ne7 16. Bxf6 gxf6 17. Rh2 d5 18. exd5 Nxf5 19. d6 cxd6 20. Rg2 Ng7 21. Qxf6 d5 22. Qxh6# 1-0

[Event "Novokuznetsk-ch op"]
[Site "Novokuznetsk"]
[Date "2010.12.04"]
[Round "6"]
[White "Pomazanov, Alexey"]
[Black "Leontiev, Oleg"]
[Result "1/2-1/2"]
[WhiteElo "1922"]
[BlackElo "1783"]
[PlyCount "72"]
[EventDate "2010.11.14"]
[EventType "swiss"]
[EventRounds "9"]
[EventCountry "RUS"]
[SourceTitle "EXT 2022"]
[Source "ChessBase"]
[SourceDate "2021.10.06"]
[SourceVersion "1"]
[SourceVersionDate "2021.10.06"]
[SourceQuality "1"]

1. e4 c5 2. Nf3 d6 3. d4 cxd4 4. Nxd4 Nf6 5. Nc3 g6 6. f3 Bg7 7. Be3 Nc6 8. Qd2 0-0 9. 0-0-0 Bd7 10. g4 Ne5 11. Kb1 b5 12. h4 h5 13. gxh5 Nxh5 14. Bh6 Nc4 15. Qc1 Qa5 16. Bxg7 Kxg7 17. Nf5+ Bxf5 18. exf5 Ng3 19. Rg1 Nxf5 20. h5 Na3+ 21. Ka1 Ne3 22. Rd2 Rac8 23. Bd3 Rxc3 24. Rh2 Naxc2+ 25. Bxc2 Nxc2+ 26. Rxc2 Rxf3 27. Rh2 Rh8 28. Qc2 Qb6 29. Rhg2 Rh6 30. hxg6 f6 31. Qe4 Re3 32. Qf4 Re5 33. Qf3 Qe3 34. Qd1 Rg5 35. Re1 Rd5 36. Qb1 Qf3 1/2-1/2

[Event "Novokuznetsk-ch op"]
[Site "Novokuznetsk"]
[Date "2010.11.20"]
[Round "2"]
[White "Shukan, Alexander"]
[Black "Pomazanov, Alexey"]
[Result "1-0"]
[WhiteElo "2165"]
[BlackElo "1922"]
[PlyCount "55"]
[EventDate "2010.11.14"]
[EventType "swiss"]
[EventRounds "9"]
[EventCountry "RUS"]
[SourceTitle "EXT 2022"]
[Source "ChessBase"]
[SourceDate "2021.10.06"]
[SourceVersion "1"]
[SourceVersionDate "2021.10.06"]
[SourceQuality "1"]

1. e4 c5 2. Nc3 d6 3. d3 Nc6 4. g3 Nf6 5. Bg2 e6 6. Nge2 Be7 7. 0-0 Bd7 8. f4 Qb6 9. Bh1 h6 10. h3 Nh7 11. g4 g5 12. f5 Nf6 13. a4 0-0-0 14. Be3 Rdg8 15. a5 Qd8 16. b4 h5 17. b5 Ne5 18. gxh5 Rxh5 19. d4 cxd4 20. Qxd4 Bc6 21. Qxa7 Qc7 22. Bb6 Qb8 23. Qxb8+ Kxb8 24. bxc6 bxc6 25. Rfb1 Ka8 26. Bd4 g4 27. Bxe5 dxe5 28. a6 1-0

[Event "Novokuznetsk op"]
[Site "Novokuznetsk"]
[Date "2008.12.13"]
[Round "8"]
[White "Pomazanov, Alexey"]
[Black "Kuznetsov, Kostja"]
[Result "0-1"]
[WhiteElo "1931"]
[BlackElo "1992"]
[PlyCount "44"]
[EventDate "2008.11.22"]
[EventType "swiss"]
[EventRounds "9"]
[EventCountry "RUS"]
[SourceTitle "CBM 127 Extra"]
[Source "ChessBase"]
[SourceDate "2009.01.08"]
[SourceVersion "2"]
[SourceVersionDate "2009.01.28"]
[SourceQuality "1"]

1. e4 c5 2. Nf3 Nc6 3. d4 cxd4 4. Nxd4 d6 5. Be3 Nf6 6. Nc3 g6 7. f3 Bg7 8. Qd2 Bd7 9. 0-0-0 a6 10. Qf2 Rb8 11. h4 h5 12. Kb1 b5 13. Nb3 Ne5 14. Nd2 Qc7 15. Rc1 Nc4 16. Bf4 Nxb2 17. Qe3 Na4 18. Nd1 b4 19. Bc4 Nc3+ 20. Ka1 Nxd1 21. Qb3 Nxe4+ 22. Kb1 Nec3+ 0-1

[Event "Novokuznetsk op"]
[Site "Novokuznetsk"]
[Date "2008.11.26"]
[Round "3"]
[White "Popov, Yury"]
[Black "Pomazanov, Alexey"]
[Result "1-0"]
[WhiteElo "2039"]
[BlackElo "1931"]
[PlyCount "59"]
[EventDate "2008.11.22"]
[EventType "swiss"]
[EventRounds "9"]
[EventCountry "RUS"]
[SourceTitle "CBM 127 Extra"]
[Source "ChessBase"]
[SourceDate "2009.01.08"]
[SourceVersion "2"]
[SourceVersionDate "2009.01.28"]
[SourceQuality "1"]

1. d4 Nf6 2. c4 g6 3. Nc3 Bg7 4. e4 0-0 5. e5 Ne8 6. f4 c5 7. d5 d6 8. Nf3 a6 9. h3 Qc7 10. Qe2 e6 11. Bd2 Nd7 12. dxe6 fxe6 13. Ng5 Nb6 14. exd6 Qxd6 15. 0-0-0 e5 16. Nce4 Qc6 17. fxe5 Bxe5 18. g4 Na4 19. b3 Bg7 20. bxa4 Qxa4 21. Bc3 b5 22. Bxg7 Nxg7 23. cxb5 axb5 24. Qxb5 Qa3+ 25. Qb2 Qe3+ 26. Qd2 Qa3+ 27. Kb1 h6 28. Bc4+ Kh8 29. Nf7+ Rxf7 30. Bxf7 1-0